| 000 | 00608nam a2200205 i 4500 | ||
|---|---|---|---|
| 999 |
_c7349 _d7349 |
||
| 003 | OSt | ||
| 005 | 20210518134045.0 | ||
| 007 | ta | ||
| 008 | 210407s2021 sp r 000 0 spa d | ||
| 020 | _a9788491807681 | ||
| 040 |
_aCDMR _erda _bcat _cCDMR |
||
| 245 | 1 | 0 |
_aComunicación política digital en España : _bdel "Pásalo" a Podemos y de Podemos a Vox / |
| 264 | 1 |
_aBarcelona : _bUOC, _c2021 |
|
| 300 | _a238 pàgines | ||
| 336 |
_atext _btxt _2rdacontent |
||
| 337 |
_asense mediació _bn _2rdamedia |
||
| 338 |
_avolum _bnc _2rdacarrier |
||
| 700 | 1 | _aAbramov, Konstantin Ivanovich | |
| 942 |
_2udc _cMON |
||